Movies Quiz

Random Movies or Famous Quiz

The Braveheart Speech Quiz Stats

 Plays Quiz Updated May 24, 2019

Score 0/160 Timer 05:00
2 Plays Today
% Correct
a
93.2%
a
93.2%
the
91.7%
the
91.7%
the
91.7%
I
90.2%
I
90.2%
I
90.2%
free
86.4%
free
86.4%
will
86.2%
Will
86.2%
will
86.2%
will
86.2%
freedom?
84.2%
freedom!
84.2%
You
83%
you
83%
you
83%
you
83%
you
83%
you
83%
and
80.2%
and
80.2%
And
80.2%
and
80.2%
and
80.2%
and
80.2%
and
80.2%
And
80.2%
We
75.6%
we
75.6%
live.
74.8%
live.
74.8%
fight
74%
fight?
74%
(Extra:) Fight?
74%
fight,
74%
our
73.8%
our
73.8%
our
73.8%
do
73.6%
to
72.8%
they
71.5%
take
69.8%
take
69.8%
to
69.5%
to
69.5%
to
69.5%
to
69.5%
may
68.7%
may
68.7%
Scotland,
68.7%
of
68.5%
% Correct
of
68.5%
of
68.5%
of
68.5%
am
67.3%
am
67.3%
No!
67.1%
but
66.7%
he
66.5%
be
65.9%
men
65.2%
men,
65.2%
men
65.2%
never
64.6%
is
62.8%
die.
62.7%
for
62.1%
William
61.9%
(Extra:) William
61.9%
William
61.9%
Wallace.
61.7%
Wallace
61.7%
Wallace!
61.7%
from
59.3%
from
59.3%
from
59.3%
from
59.3%
lives,
58.5%
in
55.3%
in
55.3%
your
53.5%
here
53.3%
that
53%
that?
53%
that,
53%
that
53%
are.
52.9%
with
52.6%
with
52.6%
run,
52.2%
Run,
52.2%
his
50.9%
his
50.9%
arse.
50.5%
English
50.4%
What
49.8%
if
49.1%
as
48.3%
tall!
48.1%
here,
48.1%
here
48.1%
feet
47.9%
this
47.4%
day
47%
lightning
45.5%
% Correct
seven
45.4%
one
45.3%
one
45.3%
(Gibson:) Sons
45.2%
my
45%
they'll
43.7%
now,
43.3%
(Gibson:) Yes,
43%
bolts
42.7%
eyes
42.6%
come
41.8%
were
41.1%
would
40.2%
all
39.1%
you'll
39.1%
At
38.9%
just
38.7%
see
38.7%
chance,
38.7%
chance,
38.7%
years
38.2%
have
37.1%
(Gibson:) Aye,
36.9%
many
36.5%
come
34.9%
army
34.8%
while.
33.9%
heard.
33.7%
beds
33.3%
fireballs
33.3%
I've
32.7%
countrymen
32.5%
by
31.8%
tell
31.4%
back
31.2%
least
30.4%
he'd
29.9%
trade
29.5%
willing
29.3%
dying
29.2%
days
28.8%
enemies
28.6%
whole
28.4%
Kills
27.7%
consume
27%
hundreds,
26.9%
tyranny.
26.9%
Against
26.5%
bra!
24.9%
defiance
24.7%
gu
13.7%
(All:) Alba
12.2%

You're not logged in!

Compare scores with friends on all Sporcle quizzes.
OR
Log In

Sporcle TV

Today on Sporcle TV


Watch our educational content, quiz creation guides, and fun videos on Sporcle TV.

Show Comments

Extras

Top Quizzes Today


Score Distribution

Your Account Isn't Verified!

In order to create a playlist on Sporcle, you need to verify the email address you used during registration. Go to your Sporcle Settings to finish the process.

Report this User

Report this user for behavior that violates our Community Guidelines.

Details: